La Bulgarie pour les touristes... - Statistiques

Statistiques générales
  • Ce quiz a été pris 75 fois
  • Le résultat moyen est 13 sur 20
Statistiques - réponses
Question Indice Réponses % Correct
Quelle est la langue officielle ? Bulgare
99%
La conduite se fait à droite ou à gauche ? Droite
97%
Dans la capitale y-a-t-il un décalage horaire avec Paris ? (oui/non) Oui
97%
Quelles sont les principales villes touristiques ? S Sofia
96%
Quelles autres langues parle-t-on ? T Turc
88%
A acheter 1/ laitage Yaourt
85%
Quelles autres langues parle-t-on ? R Roumain
84%
Quelle est la monnaie ? Lev
82%
Quelles sont les principales villes touristiques ? V Varna
79%
Quelles sont les principales villes touristiques ? P Plovdiv
74%
La vitesse sur autoroute est limitée à {140} km/h
68%
Le suffixe internet est bg
62%
La religion majoritaire est O Orthodoxie
57%
Quelles sont les principales villes touristiques ? B Bourgas
53%
Le taux d'alcoolémie toléré au volant est de {0.5} g/l
49%
A acheter 3/ Oeuvre d'art religieuse Icône
41%
On peut y visiter les parcs nationaux de R Rila
38%
A acheter 2/ Boisson alcoolisée Vin
29%
On peut y visiter les parcs nationaux de P Pirin
25%
Quelles sont les principales villes touristiques ? B Bansko
16%
Aucun quiz correspondant
Distribution des résultats
% des personnes avec chaque résultat
Percentile par nombre de réponses
Votre historique - résultats
Vous n’avez pas pris ce quiz